000 00669nam a2200241Ia 4500
003 OSt
005 20220924124056.0
006 a|||||r|||| 00| 0
007 ta
008 220923b |||||||| |||| 00| 0 urd d
020 _c200
024 _a316786
037 _cTextual
040 _aARTS
_cARTS
_burd
041 _2urd
_aurd
082 _aO168,3MPAx, P2
100 _aSharfun Nihar Ed.
_9194706
245 0 _aPandit sudershan ke muntkhab afsane
260 _aNew Delhi
_b Modern Publishing House India
_c2002
650 _aURDU FICTION
_93298
942 _hO168,3MPAx, P2
_cTEXL
_2CC
999 _c418269
_d418269